The official American Numismatic Association grading standards for United States coins /

Bibliographic Details
Corporate Author: American Numismatic Association
Other Authors: Bressett, Kenneth E., Kosoff, A. (Abe)
Format: Book
Language:English
Published: Colorado Springs, Colo. : The Association, [1981]
Edition:2nd ed.
Subjects:

MARC

Tag First Indicator Second Indicator Subfields
LEADER 00000cam a2200000 a 4500
001 in00000032331
005 20151007060459.0
008 820408s1981 coua 00010 eng
010 |a  82114960  
020 |a 0307090957 :  |c $6.95 
035 |a (OCoLC)08410826 
035 |9 AAC0952AM 
040 |a DLC  |c DLC  |d m/c  |d TXA  |d UtOrBLW 
043 |a n-us--- 
049 |a TXAM  |c [A11682731] 
050 0 0 |a CJ1832  |b .A5 1981 
082 0 |a 737.4973  |2 19 
110 2 |a American Numismatic Association. 
245 1 4 |a The official American Numismatic Association grading standards for United States coins /  |c compiled, arranged, and edited by Ken Bressett and A. Kosoff ; introduction by Q. David Bowers. 
250 |a 2nd ed. 
264 1 |a Colorado Springs, Colo. :  |b The Association,  |c [1981] 
264 4 |c ©1981 
300 |a 352 pages :  |b illustrations ;  |c 20 cm. 
336 |a text  |b txt  |2 rdacontent 
337 |a unmediated  |b n  |2 rdamedia 
338 |a volume  |b nc  |2 rdacarrier 
500 |a Cover title: Official A.N.A. grading standards for United States coins. 
500 |a Spine title: A.N.A. grading standards for United States coins. 
500 |a "No. 9097." 
650 0 |a Coins  |x Grading  |x Standards  |z United States. 
650 0 |a Coins, American. 
700 1 |a Bressett, Kenneth E. 
700 1 |a Kosoff, A.  |q (Abe) 
740 0 |a Official A.N.A grading standards for United States coins. 
740 0 |a Official ANA grading standards for United States coins. 
740 0 |a A.N.A. grading standards for United States coins. 
740 0 |a ANA grading standards for United States coins. 
999 |a MARS 
999 f f |s 05464a17-8501-3d6b-a6ca-ff6f2381b55a  |i 562947f2-f89f-33fb-aaf1-8213ad805079  |t 0 
952 f f |p ric  |a Texas A&M University  |b Rellis Campus  |c Joint Library Facility  |d Remote Storage  |t 0  |e CJ1832 .A5 1981  |h Library of Congress classification  |i unmediated -- volume  |m A14811682731 
998 f f |a CJ1832 .A5 1981  |t 0  |l Remote Storage